Cómo buscar y encontrar en Internet /
Guía para la búsqueda de información en Internet que aborda tanto los aspectos técnicos del manejo de las diversas partes que integran esta tecnología (WWW, Usenet, Gopher, IRC, correo electrónico, FTP, Archie, Telnet), como de la metodología para valerse por sí mismo para navegar por la red. Incluy...
Збережено в:
| Автор: | |
|---|---|
| Формат: | Книга |
| Мова: | Іспанська |
| Опубліковано: |
Barcelona, España :
Gestión 2000,
2002, c2002
|
| Предмети: | |
| Теги: |
Немає тегів, Будьте першим, хто поставить тег для цього запису!
|
MARC
| LEADER | 00000nam^a2200000^a^4500 | ||
|---|---|---|---|
| 001 | 000159858 | ||
| 005 | 20250521000000.0 | ||
| 009 | 20260310100702.783 | ||
| 020 | |a 84-8088-675-7 | ||
| 037 | |a Acervo ITESO - Biblioteca | ||
| 041 | |a ESP | ||
| 082 | |a 621. 382171025 |b MAY | ||
| 100 | |a Mayordomo, Juan Luis |e (autor) | ||
| 245 | 1 | 0 | |a Cómo buscar y encontrar en Internet / |c J.L. Mayordomo. |
| 264 | 4 | |a Barcelona, España : |b Gestión 2000, |c 2002, c2002 | |
| 300 | |a 343 p. | ||
| 336 | |a texto |b txt |2 rdacontenido | ||
| 337 | |a sin mediación |b n |2 rdamedio | ||
| 338 | |a volumen |b nc |2 rdasoporte | ||
| 520 | |a Guía para la búsqueda de información en Internet que aborda tanto los aspectos técnicos del manejo de las diversas partes que integran esta tecnología (WWW, Usenet, Gopher, IRC, correo electrónico, FTP, Archie, Telnet), como de la metodología para valerse por sí mismo para navegar por la red. Incluye más de 1,100 direcciones, segmentadas por temas, subdivididas pro motores de búsqueda, buscadores temáticos y offline, metabuscadores, portales generales y temáticos, etcétera. | ||
| 649 | |a XX | ||
| 650 | |a Páginas en Línea | ||
| 650 | |a Internet | ||
| 650 | |a Redes de Computadoras | ||
| 650 | |a Comunicación en Red | ||
| 650 | |a Sistemas de Telecomunicación | ||
| 650 | |a Telecomunicaciones | ||
| 650 | |a Comunicaciones y Tránsito | ||
| 650 | |a Tecnologías de Comunicación e Información | ||
| 650 | |a Sistemas de Información | ||
| 650 | |a Ingeniería Computacional | ||
| 910 | |a Fondo General | ||
| 920 | |a Impresos - Libros | ||
| 930 | |a Colección General | ||
| 905 | |a 101 | ||
| 901 | |a 0500091457 |b IT1 |c ACC |u 20250521 | ||
| 902 | |a https://opac.biblio.iteso.mx/vufind/Record/000159858 | ||